000 00499nam a2200181Ia 4500
008 240925s9999 xx 000 0 und d
020 _a71126376
082 _a629.895 HOU
100 _aHoupis, Counstantine H.; Garg B Lamonl
245 0 _aDigital Control Systems: Theory hardware software
250 _a2nd
260 _aNew York:
_bMcGraw-Hill
_c,1992.
300 _a752p.
_bNA
_fOriginal
500 _aIncludes Index
600 _aElectronic Engineering
650 _aTechnology
942 _cBK
999 _c2500
_d2500